<?xml version="1.0" encoding="UTF-8"?>
<marc:record xmlns:marc="http://www.loc.gov/MARC21/slim">
   <marc:leader>00000nam a2200000 a 4500</marc:leader>
   <marc:datafield ind1="1" ind2=" " tag="100">
      <marc:subfield code="a">Rohrbeck, Oliver</marc:subfield>
   </marc:datafield>
   <marc:datafield ind1=" " ind2=" " tag="653">
      <marc:subfield code="a">Elefant</marc:subfield>
   </marc:datafield>
   <marc:datafield ind1=" " ind2=" " tag="653">
      <marc:subfield code="a">Zoo</marc:subfield>
   </marc:datafield>
   <marc:datafield ind1="0" ind2="0" tag="245">
      <marc:subfield code="a">Benjamin Blümchen</marc:subfield>
   </marc:datafield>
   <marc:datafield ind1="0" ind2="0" tag="245">
      <marc:subfield code="b">das Original-Hörspiel zum Kinofim und Songs</marc:subfield>
   </marc:datafield>
   <marc:datafield ind1="0" ind2="0" tag="245">
      <marc:subfield code="c">Oliver Rohrbeck als Erzähler</marc:subfield>
   </marc:datafield>
   <marc:datafield ind1=" " ind2="1" tag="264">
      <marc:subfield code="a">[Berlin]</marc:subfield>
      <marc:subfield code="b">Westside Filmprod.</marc:subfield>
      <marc:subfield code="c">2019</marc:subfield>
   </marc:datafield>
   <marc:datafield ind1="1" ind2=" " tag="490">
      <marc:subfield code="a">Tonies</marc:subfield>
   </marc:datafield>
   <marc:datafield ind1="1" ind2=" " tag="520">
      <marc:subfield code="a">Endlich Ferien! Otto kann es kaum erwarten, die kommenden Wochen mit seinem besten Freund Benjamin Blümchen im Neustädter Zoo zu verbringen. Allerdings ist seine gute Laune etwas getrübt, denn Zoodirektor Herr Tierlieb benötigt dringend Geld für die anstehenden Reparaturarbeiten im Zoo. Da engagiert der Bürgermeister die gewiefte Zora Zack, um den Zoo zum neuen Prestige-Objekt von Neustadt zu machen. Die wickelt sogleich Benjamin um den Finger und dann rollen auch schon die ersten Baukräne an. Doch in Wirklichkeit hat Zora Zack ein ganz anderes Ziel. Ob Otto, Benjamin und die anderen Zoobewohner ihr rechtzeitig auf die Schliche kommen, um ihre Pläne zu verhindern?</marc:subfield>
   </marc:datafield>
   <marc:datafield ind1=" " ind2=" " tag="020">
      <marc:subfield code="a">4001504258122</marc:subfield>
      <marc:subfield code="9">4001504258122</marc:subfield>
   </marc:datafield>
   <marc:datafield ind1=" " ind2=" " tag="041">
      <marc:subfield code="a">ger</marc:subfield>
   </marc:datafield>
   <marc:datafield ind1="0" ind2=" " tag="490">
      <marc:subfield code="v">0</marc:subfield>
   </marc:datafield>
   <marc:datafield ind1=" " ind2=" " tag="300">
      <marc:subfield code="a">1 Tonie-Figur ; Dauer ca. 89 Min.</marc:subfield>
   </marc:datafield>
</marc:record>
